Andouilles et andouillettes en France - Statistiques

Statistiques générales
  • Ce quiz a été pris 27 fois
  • Le résultat moyen est 4 sur 16
Statistiques - réponses
Indice 1 Indice 2 Indice 3 Commune % Correct
14 V Andouille Vire
81%
10 T Andouillette Troyes
65%
56 G Andouille Guémené
58%
69 L Andouillette Lyon
46%
62 A Andouillette Arras
38%
61 A Andouillette Alençon
31%
59 C Andouillette Cambrai
19%
59 C Andouille Cambrai
19%
45 J Andouille Jargeau
15%
89 C Andouillette Chablis
12%
58 C Andouillette Clamecy
12%
08 R Andouille Revin
12%
62 A Andouille Aire-sur-la-Lys
0%
29 B Andouille Baye
0%
88 V Andouille Val-d'Ajol
0%
37 V Andouillette Vouvray
0%
Aucun quiz correspondant
Distribution des résultats
% des personnes avec chaque résultat
Percentile par nombre de réponses
Votre historique - résultats
Vous n’avez pas pris ce quiz